[Event "EU-ch (Women) 24th"]
[Site "Rhodes"]
[Date "2024.04.25"]
[Round "6"]
[White "Melia, Salome"]
[Black "Levitan, Ronit"]
[Result "1/2-1/2"]
[WhiteElo "2322"]
[BlackElo "2187"]
[PlyCount "82"]
[EventDate "2024.04.19"]
[EventType "swiss"]
[EventRounds "10"]
[EventCountry "GRE"]
[SourceTitle "CB18_2024"]
[SourceDate "2024.05.01"]
[SourceVersion "1"]
[SourceVersionDate "2024.05.01"]
[SourceQuality "2"]

1. e4 e5 2. Nf3 Nc6 3. Bb5 a6 4. Ba4 Nf6 5. d3 d6 6. c3 g6 7. 0-0 Bg7 8. Nbd2 0-0 9. Re1 Re8 10. h3 h6 11. Nf1 b5 12. Bc2 a5 13. a4 b4 14. Ne3 bxc3 15. bxc3 Be6 16. Rb1 d5 17. exd5 Nxd5 18. Nxd5 Bxd5 19. Rb5 Na7 20. Rxa5 c6 21. Ra6 Qc7 22. Be3 Reb8 23. Rxa7 Rxa7 24. Bxa7 Qxa7 25. Nxe5 Qa5 26. d4 Qxc3 27. Re3 Qa5 28. h4 h5 29. Qd3 Qd8 30. g3 Qd6 31. a5 Rb2 32. a6 Ra2 33. Re1 Ra3 34. Qe2 Bxe5 35. dxe5 Qe6 36. Be4 Bxe4 37. Qxe4 Rxa6 38. Rd1 Ra5 39. Rd8+ Kh7 40. Rd6 Qxe5 41. Qxe5 Rxe5 1/2-1/2

[Event "EU-ch (Women) 24th"]
[Site "Rhodes"]
[Date "2024.04.21"]
[Round "3"]
[White "Stefan, Iulia Cristiana"]
[Black "Melia, Salome"]
[Result "0-1"]
[WhiteElo "1938"]
[BlackElo "2322"]
[PlyCount "66"]
[EventDate "2024.04.19"]
[EventType "swiss"]
[EventRounds "10"]
[EventCountry "GRE"]
[SourceTitle "CB18_2024"]
[SourceDate "2024.05.01"]
[SourceVersion "1"]
[SourceVersionDate "2024.05.01"]
[SourceQuality "2"]

1. d4 Nf6 2. Nf3 e6 3. Bg5 h6 4. Bh4 d6 5. Nbd2 g5 6. Bg3 Nh5 7. e3 Bg7 8. Be2 Qe7 9. Ng1 Nxg3 10. hxg3 Nd7 11. c3 Nf6 12. e4 e5 13. dxe5 dxe5 14. Ngf3 0-0 15. 0-0 Rd8 16. Qc2 Ng4 17. Nh2 Nf6 18. Nhf3 Ng4 19. Nh2 Nxh2 20. Kxh2 g4 21. Rad1 h5 22. Rh1 Be6 23. Kg1 Qg5 24. b3 Bh6 25. Nf1 Rxd1 26. Bxd1 Rd8 27. Qe2 Qc1 28. Bc2 Rd2 29. Qb5 Rxc2 30. Rxh5 Qe1 31. Qe8+ Kg7 32. Rf5 Qxe4 33. Rh5 Qe1 0-1

[Event "GEO-ch (Women) 81st"]
[Site "Tbilisi"]
[Date "2024.02.17"]
[Round "8"]
[White "Melia, Salome"]
[Black "Arabidze, Meri"]
[Result "0-1"]
[WhiteElo "2355"]
[BlackElo "2461"]
[PlyCount "180"]
[EventDate "2024.02.09"]
[EventType "tourn"]
[EventRounds "9"]
[EventCountry "GEO"]
[SourceTitle "CB08_2024"]
[SourceDate "2024.02.21"]
[SourceVersion "1"]
[SourceVersionDate "2024.02.21"]
[SourceQuality "1"]

1. e4 e5 2. Nf3 Nc6 3. Bb5 a6 4. Ba4 Nf6 5. 0-0 d6 6. c3 Bd7 7. Re1 g6 8. d4 b5 9. Bc2 Bg7 10. h3 0-0 11. Nbd2 a5 12. d5 Ne7 13. a4 c6 14. dxc6 Bxc6 15. axb5 Bxb5 16. c4 Ba6 17. b3 Nd7 18. Nb1 Nc5 19. Nc3 Nc6 20. Nd5 h6 21. Bb2 Rb8 22. Bc3 Bc8 23. Ra3 f5 24. exf5 gxf5 25. Nh2 Rf7 26. Qd2 Be6 27. Nf1 Qg5 28. f4 Qd8 29. Re3 Qh4 30. Rg3 Ne4 31. Bxe4 fxe4 32. Qe1 Kh8 33. Qxe4 Rg8 34. Ra2 Bf5 35. Qe1 Qh5 36. fxe5 dxe5 37. Rf2 Rgf8 38. Nfe3 Bd3 39. Ng4 Rxf2 40. Nxf2 Bc2 41. Nd3 Qd1 42. Qxd1 Bxd1 43. Nc5 Rf7 44. Rd3 Bc2 45. Rd2 Bf8 46. Rxc2 Bxc5+ 47. Kh2 Bd4 48. Ra2 Rb7 49. Bxa5 Nxa5 50. Rxa5 Rxb3 51. Ra6 Kh7 52. Nf6+ Kg7 53. Ne4 Rb1 54. Kg3 Rf1 55. Rc6 h5 56. Rc7+ Kg6 57. Rc6+ Kg7 58. Nd2 Rf4 59. Nf3 h4+ 60. Kh2 Bf2 61. Rc7+ Kf6 62. Rc6+ Ke7 63. Ng5 Kd7 64. Ra6 Rxc4 65. Ra1 e4 66. Rf1 e3 67. Nf3 Ke6 68. Kh1 Kf5 69. Rd1 e2 70. Rb1 Kf4 71. Kh2 Re4 72. Ra1 e1Q 73. Nxe1 Bxe1 74. Kg1 Bg3 75. Kf1 Kg5 76. Rb1 Rf4+ 77. Kg1 Bf2+ 78. Kh2 Re4 79. Rf1 Re2 80. Rb1 Kf4 81. Rb4+ Re4 82. Rb1 Re1 83. Rxe1 Bxe1 84. Kg1 Bg3 85. Kf1 Ke3 86. Kg1 Ke2 87. Kh1 Be5 88. Kg1 Bd4+ 89. Kh2 Kf2 90. Kh1 Be5 0-1

[Event "GEO-ch (Women) 81st"]
[Site "Tbilisi"]
[Date "2024.02.16"]
[Round "7"]
[White "Batsiashvili, Nino"]
[Black "Melia, Salome"]
[Result "1-0"]
[WhiteElo "2447"]
[BlackElo "2355"]
[PlyCount "120"]
[EventDate "2024.02.09"]
[EventType "tourn"]
[EventRounds "9"]
[EventCountry "GEO"]
[SourceTitle "CB08_2024"]
[SourceDate "2024.02.21"]
[SourceVersion "1"]
[SourceVersionDate "2024.02.21"]
[SourceQuality "1"]

1. d4 Nf6 2. c4 e6 3. Nc3 Bb4 4. Nf3 b6 5. Bd2 Bb7 6. Rc1 0-0 7. e3 Re8 8. Bd3 c5 9. 0-0 cxd4 10. exd4 Bf8 11. Re1 d6 12. Bf4 a6 13. Ng5 h6 14. Nge4 Nxe4 15. Nxe4 e5 16. Bd2 Nc6 17. d5 Nd4 18. Bc3 Nf5 19. g3 Nd4 20. Nd2 g6 21. Bxd4 exd4 22. Rxe8 Qxe8 23. Qg4 Bg7 24. Nf3 Qd8 25. Nxd4 Qg5 26. Qxg5 hxg5 27. Nc6 Bxc6 28. dxc6 Rc8 29. Be4 Bxb2 30. Rc2 Bd4 31. Bd5 Re8 32. h3 Kg7 33. Kf1 Kf8 34. Re2 Rc8 35. Kg2 Be5 36. Re3 Rc7 37. Kf3 Bd4 38. Re2 Be5 39. Kg4 f5+ 40. Kxg5 Kg7 41. g4 f4 42. Rxe5 dxe5 43. h4 Re7 44. h5 e4 45. Kxf4 gxh5 46. gxh5 Kf6 47. Bxe4 Re5 48. Bd5 Rf5+ 49. Ke4 Re5+ 50. Kd4 Re7 51. Be4 Ke6 52. h6 Kd6 53. h7 Re8 54. a4 Rh8 55. f4 Rf8 56. Ke3 Kc5 57. Bd5 Re8+ 58. Kf3 Rh8 59. c7 Kd6 60. c8Q Rxc8 1-0

[Event "GEO-ch (Women) 81st"]
[Site "Tbilisi"]
[Date "2024.02.15"]
[Round "6"]
[White "Melia, Salome"]
[Black "Javakhishvili, Lela"]
[Result "1/2-1/2"]
[WhiteElo "2355"]
[BlackElo "2438"]
[PlyCount "37"]
[EventDate "2024.02.09"]
[EventType "tourn"]
[EventRounds "9"]
[EventCountry "GEO"]
[SourceTitle "CB08_2024"]
[SourceDate "2024.02.21"]
[SourceVersion "1"]
[SourceVersionDate "2024.02.21"]
[SourceQuality "1"]

1. e4 e5 2. Nf3 Nc6 3. Bb5 Nf6 4. 0-0 Nxe4 5. Re1 Nd6 6. Nxe5 Nxe5 7. Rxe5+ Be7 8. Bf1 0-0 9. d4 Bf6 10. Re1 Re8 11. Bf4 Rxe1 12. Qxe1 Ne8 13. c3 d5 14. Bd3 g6 15. Nd2 Ng7 16. Qe2 c6 17. Re1 Bf5 18. Bxf5 Nxf5 19. Nf3 1/2-1/2

[Event "EU-chT (Women) 24th"]
[Site "Budva"]
[Date "2023.11.12"]
[Round "2.1"]
[White "Melia, Salome"]
[Black "Matnadze, Ana"]
[Result "0-1"]
[WhiteElo "2354"]
[BlackElo "2397"]
[PlyCount "120"]
[EventDate "2023.11.11"]
[EventType "team-swiss"]
[EventRounds "9"]
[EventCountry "MNE"]
[SourceTitle "CB47_2023"]
[SourceDate "2023.11.22"]
[SourceVersion "1"]
[SourceVersionDate "2023.11.22"]
[SourceQuality "1"]
[WhiteTeam "Georgia (W)"]
[BlackTeam "Spain (W)"]
[WhiteTeamCountry "GEO"]
[BlackTeamCountry "ESP"]

1. e4 c6 2. d4 d5 3. e5 Bf5 4. h4 h5 5. Bd3 Bxd3 6. Qxd3 e6 7. Nf3 Nh6 8. Bxh6 Rxh6 9. 0-0 Be7 10. g3 Nd7 11. Nbd2 Rg6 12. Kg2 Nf8 13. a4 Rc8 14. Nb3 Rc7 15. Rfe1 Rg4 16. Nh2 Rg6 17. Kh1 c5 18. dxc5 Bxc5 19. Qb5+ Nd7 20. Nxc5 Rxc5 21. Qxb7 Rc7 22. Qb3 Nc5 23. Qb5+ Kf8 24. Rad1 Qc8 25. Qb4 Kg8 26. Qd4 Ne4 27. c3 Qb7 28. Kg1 Rc4 29. Qe3 Qxb2 30. Rb1 Qa3 31. Rb8+ Kh7 32. Qe2 Qxc3 33. Nf3 Rg4 34. Kg2 Rxa4 35. Reb1 Qc4 36. Qxc4 dxc4 37. Re1 c3 38. Rc8 f5 39. exf6 gxf6 40. Rc6 Ra2 41. Kg1 Rxf2 42. Rxe4 Rxf3 43. Rexe6 Rgxg3+ 44. Kh2 Rh3+ 45. Kg2 Rhg3+ 46. Kh2 Rg4 47. Re7+ Kg6 48. Rxa7 Rxh4+ 49. Kg2 Rhh3 50. Rcc7 Rhg3+ 51. Kh2 Rg5 52. Ra3 Rf2+ 53. Kh3 Rgg2 54. Rc4 Rh2+ 55. Kg3 Rhg2+ 56. Kh3 Rh2+ 57. Kg3 h4+ 58. Rxh4 Rfg2+ 59. Kf3 Rxh4 60. Kxg2 Rc4 0-1

[Event "ROM-chT (Women)"]
[Site "Eforie Nord"]
[Date "2023.09.23"]
[Round "1.2"]
[White "Melia, Salome"]
[Black "Peptan, Corina Isabela"]
[Result "0-1"]
[WhiteElo "2369"]
[BlackElo "2311"]
[PlyCount "126"]
[EventDate "2023.09.23"]
[EventType "team-tourn"]
[EventRounds "7"]
[EventCountry "ROU"]
[SourceTitle "EXT 2024"]
[Source "ChessBase"]
[SourceDate "2023.10.10"]
[SourceVersion "1"]
[SourceVersionDate "2023.10.10"]
[SourceQuality "1"]
[WhiteTeam "Iasi (W)"]
[BlackTeam "Arnia ChessIT (W)"]
[WhiteTeamCountry "ROU"]
[BlackTeamCountry "ROU"]

1. e4 c5 2. Nf3 Nc6 3. Bb5 e6 4. 0-0 Nge7 5. d4 cxd4 6. Nxd4 Qb6 7. Nxc6 bxc6 8. Bd3 Ng6 9. c4 Bd6 10. Nc3 0-0 11. Na4 Qc7 12. g3 c5 13. f4 f6 14. Nc3 Be7 15. Be3 Bb7 16. Rc1 Rf7 17. h4 Bf8 18. Qc2 Ne7 19. Qf2 Nc6 20. Rfd1 d6 21. f5 Re8 22. fxe6 Rxe6 23. Nd5 Qc8 24. Qf5 Ne5 25. Be2 Re8 26. Qxc8 Bxc8 27. Bf4 Ng6 28. Bf3 Nxf4 29. gxf4 f5 30. exf5 Bxf5 31. Re1 Rxe1+ 32. Rxe1 g6 33. Kg2 Bd7 34. Kg3 Bh6 35. Bg4 Bxg4 36. Kxg4 Rb7 37. Re7 Rxb2 38. Rxa7 Bg7 39. Ra8+ Kf7 40. Ra7+ Kf8 41. a4 Rc2 42. Nb6 h5+ 43. Kf3 Bf6 44. Nd7+ Kf7 45. Nxc5+ Be7 46. Ne4 Ke6 47. Rc7 Ra2 48. Ra7 Ra3+ 49. Kg2 Bxh4 50. Rg7 Rxa4 51. Kf3 Ra3+ 52. Kg2 Re3 53. Ng5+ Kf5 54. Nf3 Bf6 55. Rf7 Re4 56. Kg3 Rxc4 57. Ng5 h4+ 58. Kh3 Rxf4 59. Nh7 Ke6 60. Rf8 g5 61. Rg8 g4+ 62. Rxg4 Rxg4 63. Kxg4 Be7 0-1

[Event "FIDE World Cup (Women)"]
[Site "Baku"]
[Date "2023.08.01"]
[Round "1.4"]
[White "Librelato, Kathie Goulart"]
[Black "Melia, Salome"]
[Result "1/2-1/2"]
[WhiteElo "2182"]
[BlackElo "2377"]
[PlyCount "76"]
[EventDate "2023.07.30"]
[EventType "k.o."]
[EventRounds "7"]
[EventCountry "AZE"]
[SourceTitle "EXT 2024"]
[Source "ChessBase"]
[SourceDate "2023.10.10"]
[SourceVersion "1"]
[SourceVersionDate "2023.10.10"]
[SourceQuality "1"]

1. d4 Nf6 2. c4 e6 3. Nf3 d5 4. g3 h6 5. Bg2 Bd6 6. 0-0 0-0 7. b3 b6 8. Bb2 Bb7 9. Nc3 Re8 10. Rc1 Nbd7 11. Qc2 c5 12. Rfd1 dxc4 13. bxc4 cxd4 14. Nb5 Be4 15. Qd2 Bf8 16. Bxd4 Qc8 17. Qb2 Qb7 18. Bc3 Rac8 19. Bb4 Nc5 20. Nd6 Bxd6 21. Rxd6 Red8 22. Bxc5 bxc5 23. Qxb7 Bxb7 24. Rcd1 Rxd6 25. Rxd6 Rb8 26. Ne5 Bxg2 27. Kxg2 Rb2 28. Ra6 Rxe2 29. Nc6 Rc2 30. Rxa7 Ng4 31. a4 Rxf2+ 32. Kg1 Ra2 33. a5 Nxh2 34. a6 Nf3+ 35. Kf1 Rd2 36. Ra8+ Kh7 37. Rd8 Nh2+ 38. Ke1 Nf3+ 1/2-1/2

[Event "EU-ch (Women) 23rd"]
[Site "Petrovac"]
[Date "2023.03.29"]
[Round "11"]
[White "Melia, Salome"]
[Black "Arabidze, Meri"]
[Result "1/2-1/2"]
[WhiteElo "2366"]
[BlackElo "2433"]
[PlyCount "92"]
[EventDate "2023.03.18"]
[EventType "swiss"]
[EventRounds "11"]
[EventCountry "MNE"]
[SourceTitle "CBM 213 Extra"]
[Source "ChessBase"]
[SourceDate "2023.05.31"]
[SourceVersion "1"]
[SourceVersionDate "2023.05.31"]
[SourceQuality "1"]

1. e4 e5 2. Nf3 Nc6 3. Bb5 a6 4. Ba4 Nf6 5. 0-0 Be7 6. Re1 b5 7. Bb3 d6 8. c3 0-0 9. h3 Bb7 10. d4 Re8 11. Nbd2 Bf8 12. a3 h6 13. Bc2 Nb8 14. b4 Nbd7 15. Bb2 Rc8 16. Qb1 Nh5 17. c4 Nf4 18. dxe5 Nxe5 19. cxb5 axb5 20. Re3 g6 21. Nxe5 dxe5 22. Nb3 Qg5 23. Qf1 h5 24. Rg3 Qf6 25. Kh2 h4 26. Rf3 Qg5 27. g3 Qh5 28. Bd1 Ne6 29. Rxf7 Qh6 30. Rd7 Bc6 31. Bc1 Qh8 32. Rd3 Bxe4 33. Re3 Bc6 34. Bg4 Rcd8 35. Bb2 Nd4 36. Nxd4 exd4 37. Rxe8 Bxe8 38. Qe2 Qf6 39. Rd1 Bf7 40. Kg1 hxg3 41. fxg3 Bc4 42. Qe4 Bg7 43. Rd2 Qe5 44. Qxe5 Bxe5 45. Bf3 Kg7 46. Kg2 Bf6 1/2-1/2

[Event "EU-ch (Women) 23rd"]
[Site "Petrovac"]
[Date "2023.03.20"]
[Round "3"]
[White "Melia, Salome"]
[Black "Calzetta Ruiz, Monica"]
[Result "1/2-1/2"]
[WhiteElo "2366"]
[BlackElo "2185"]
[PlyCount "81"]
[EventDate "2023.03.18"]
[EventType "swiss"]
[EventRounds "11"]
[EventCountry "MNE"]
[SourceTitle "CBM 213 Extra"]
[Source "ChessBase"]
[SourceDate "2023.05.31"]
[SourceVersion "1"]
[SourceVersionDate "2023.05.31"]
[SourceQuality "1"]

1. e4 c5 2. Nf3 e6 3. b3 b6 4. c4 Bb7 5. Nc3 Nc6 6. d4 cxd4 7. Nxd4 Nf6 8. Nc2 Be7 9. Bd3 0-0 10. 0-0 Rc8 11. Bb2 a6 12. Kh1 Ne5 13. Be2 d6 14. f4 Ned7 15. Bf3 b5 16. cxb5 axb5 17. Qe2 Qb6 18. a3 Rc5 19. Rac1 Rfc8 20. Nd4 Ba6 21. b4 Rc4 22. Nb3 Ne8 23. Na5 R4c7 24. e5 dxe5 25. fxe5 Bg5 26. Rcd1 Nxe5 27. Qxe5 Bf6 28. Qf4 Bxc3 29. Bxc3 Rxc3 30. Bb7 R8c7 31. Rd8 Kf8 32. Be4 Ke7 33. Qxf7+ Kxd8 34. Rd1+ Nd6 35. Qf8+ Kd7 36. Qxg7+ Ke8 37. Qg8+ Ke7 38. Qg5+ Ke8 39. Qg8+ Ke7 40. Qg5+ Ke8 41. Qg8+ 1/2-1/2

[Event "EU-ch (Women) 22nd"]
[Site "Prague"]
[Date "2022.08.24"]
[Round "5"]
[White "Doluhanova, Evgeniya"]
[Black "Melia, Salome"]
[Result "1/2-1/2"]
[WhiteElo "2278"]
[BlackElo "2384"]
[PlyCount "198"]
[EventDate "2022.08.20"]
[EventType "swiss"]
[EventRounds "11"]
[EventCountry "CZE"]
[SourceTitle "CBM 209 Extra"]
[Source "ChessBase"]
[SourceDate "2022.09.30"]
[SourceVersion "1"]
[SourceVersionDate "2022.09.30"]
[SourceQuality "1"]

1. e4 c5 2. Nf3 Nc6 3. d4 cxd4 4. Nxd4 Nf6 5. Nc3 e5 6. Ndb5 d6 7. Bg5 a6 8. Na3 b5 9. Nd5 Be7 10. Bxf6 Bxf6 11. c3 Ne7 12. Nxf6+ gxf6 13. Nc2 Bb7 14. Bd3 d5 15. exd5 Qxd5 16. Ne3 Qe6 17. Qc2 e4 18. Be2 f5 19. g3 Ng6 20. Qb3 Rd8 21. Qxe6+ fxe6 22. a4 bxa4 23. Rxa4 Ne5 24. Rb4 Ba8 25. Nc4 Nd3+ 26. Bxd3 exd3 27. Rg1 Ke7 28. Kd2 h5 29. Re1 Kf6 30. h4 Be4 31. Rb6 Rb8 32. Rxa6 Rb3 33. Ra3 Rhb8 34. Rxb3 Rxb3 35. Kc1 Rb8 36. Nd2 Bc6 37. Re3 Rd8 38. f4 Bg2 39. b3 Bh3 40. Kb2 Bg4 41. c4 Be2 42. b4 Ke7 43. b5 Kd6 44. Re5 Rc8 45. Kc3 Ra8 46. c5+ Ke7 47. b6 Kd7 48. b7 Rb8 49. Nc4 Bf3 50. Na5 Bxb7 51. Nxb7 Rxb7 52. c6+ Kxc6 53. Rxe6+ Kd7 54. Re5 d2 55. Kxd2 Rb3 56. Rxf5 Rxg3 57. Rxh5 Rf3 58. Rf5 Ke6 59. Ke2 Rh3 60. Rh5 Kf6 61. Kf2 Kg6 62. Kg2 Ra3 63. Rg5+ Kh6 64. Rg3 Ra4 65. Rg4 Kh5 66. Kh3 Kh6 67. f5 Ra1 68. Rg3 Rb1 69. Rf3 Kg7 70. Kg4 Rg1+ 71. Rg3 Rf1 72. Kg5 Rf2 73. h5 Kf7 74. h6 Rh2 75. Rg4 Ra2 76. h7 Kg7 77. Rh4 Kh8 78. Rh6 Rg2+ 79. Kf6 Ra2 80. Rh4 Ra6+ 81. Kg5 Rb6 82. Rh3 Ra6 83. Re3 Kxh7 84. Re6 Ra1 85. Re7+ Kg8 86. Kg6 Rg1+ 87. Kf6 Rf1 88. Rg7+ Kh8 89. Rc7 Kg8 90. Rc5 Rf2 91. Rc8+ Kh7 92. Rc7+ Kg8 93. Rg7+ Kh8 94. Rg5 Kh7 95. Kf7 Kh6 96. Rg6+ Kh7 97. Rg7+ Kh6 98. f6 Ra2 99. Rg4 Ra7+ 1/2-1/2

[Event "EU-ch (Women) 22nd"]
[Site "Prague"]
[Date "2022.08.22"]
[Round "3"]
[White "Soares, Sara Joana de Moura"]
[Black "Melia, Salome"]
[Result "0-1"]
[WhiteElo "1648"]
[BlackElo "2384"]
[PlyCount "96"]
[EventDate "2022.08.20"]
[EventType "swiss"]
[EventRounds "11"]
[EventCountry "CZE"]
[SourceTitle "CBM 209 Extra"]
[Source "ChessBase"]
[SourceDate "2022.09.30"]
[SourceVersion "1"]
[SourceVersionDate "2022.09.30"]
[SourceQuality "1"]

1. d4 Nf6 2. c4 e6 3. Nc3 Bb4 4. e3 0-0 5. Bd3 d5 6. cxd5 exd5 7. Nge2 Re8 8. 0-0 Bd6 9. f3 c5 10. dxc5 Bxc5 11. Kh1 Bxe3 12. Bxe3 Rxe3 13. Be4 Nc6 14. Nxd5 Nxd5 15. Bxd5 Be6 16. Bxc6 bxc6 17. Qc2 Qf6 18. Rfe1 h5 19. Nc3 Rxe1+ 20. Rxe1 h4 21. h3 Rb8 22. b3 Rd8 23. Rd1 Rxd1+ 24. Nxd1 Qd4 25. Nc3 c5 26. Nb5 Qa1+ 27. Kh2 Qe5+ 28. Kh1 Qe1+ 29. Kh2 a6 30. Na3 Qe5+ 31. Kh1 g5 32. Nc4 Qe1+ 33. Kh2 Kg7 34. Qb2+ f6 35. Qc2 a5 36. Qd2 Qg3+ 37. Kh1 a4 38. Qc2 Qf4 39. Na3 Qe3 40. Nc4 Qd4 41. Kh2 f5 42. Qc1 Qf4+ 43. Qxf4 gxf4 44. Nb2 Bxb3 45. axb3 a3 46. Nd3 a2 47. Nxc5 a1Q 48. Ne6+ Kf6 0-1

[Event "EU-ch (Women) 22nd"]
[Site "Prague"]
[Date "2022.08.20"]
[Round "1"]
[White "Lach, Aleksandra"]
[Black "Melia, Salome"]
[Result "1/2-1/2"]
[WhiteElo "2152"]
[BlackElo "2384"]
[PlyCount "131"]
[EventDate "2022.08.20"]
[EventType "swiss"]
[EventRounds "11"]
[EventCountry "CZE"]
[SourceTitle "CBM 209 Extra"]
[Source "ChessBase"]
[SourceDate "2022.09.30"]
[SourceVersion "1"]
[SourceVersionDate "2022.09.30"]
[SourceQuality "1"]

1. e4 c5 2. Nc3 Nc6 3. Bb5 Nd4 4. Nf3 e6 5. 0-0 a6 6. Bd3 Nc6 7. b3 d6 8. Bb2 Nf6 9. Re1 Qc7 10. a4 Be7 11. Bf1 0-0 12. d4 cxd4 13. Nxd4 Bd7 14. Nde2 Rfd8 15. g3 Ne5 16. Bg2 Rac8 17. Nd4 Nc6 18. Nde2 Nb4 19. Nf4 e5 20. Nd3 Nxd3 21. Qxd3 b5 22. Re2 b4 23. Nd1 a5 24. Ne3 Be6 25. f4 exf4 26. gxf4 d5 27. e5 d4 28. Nf5 Nd5 29. Nxe7+ Qxe7 30. Rf2 Ne3 31. Be4 g6 32. Re1 Bf5 33. Bxf5 Nxf5 34. e6 fxe6 35. Re5 Rd5 36. Rfe2 Rxe5 37. Rxe5 Qc7 38. Bxd4 Qxc2 39. Qxc2 Rxc2 40. Bb6 Rb2 41. Rxe6 Rxb3 42. Bxa5 Ra3 43. Bxb4 Rxa4 44. Rb6 Ne3 45. Bc5 Nd5 46. Rb8+ Kf7 47. Rb7+ Ke6 48. Rxh7 Nxf4 49. Be3 Nd5 50. Bf2 Ra2 51. Kg2 Kf5 52. Rf7+ Kg4 53. h3+ Kg5 54. Rf3 Nf4+ 55. Kg3 Ne2+ 56. Kg2 Nd4 57. Rg3+ Kf5 58. Rd3 Ne6 59. Rf3+ Nf4+ 60. Kg3 g5 61. h4 gxh4+ 62. Kxh4 Ra6 63. Be3 Rh6+ 64. Kg3 Rh3+ 65. Kf2 Rxf3+ 66. Kxf3 1/2-1/2

[Event "Olympiad Women-44"]
[Site "Chennai"]
[Date "2022.07.31"]
[Round "3.3"]
[White "Olsarova, Karolina"]
[Black "Melia, Salome"]
[Result "1/2-1/2"]
[WhiteElo "2230"]
[BlackElo "2384"]
[PlyCount "111"]
[EventDate "2022.07.29"]
[EventType "team-swiss"]
[EventRounds "11"]
[EventCountry "IND"]
[SourceTitle "CBM 210"]
[Source "ChessBase"]
[SourceDate "2022.10.31"]
[SourceVersion "1"]
[SourceVersionDate "2022.10.31"]
[SourceQuality "1"]
[WhiteTeam "Czech Republic (W)"]
[BlackTeam "Georgia (W)"]
[WhiteTeamCountry "CZE"]
[BlackTeamCountry "GEO"]

1. e4 c5 2. Nf3 Nc6 3. d4 cxd4 4. Nxd4 Nf6 5. Nc3 e5 6. Ndb5 d6 7. Bg5 a6 8. Na3 b5 9. Nd5 Be7 10. Bxf6 Bxf6 11. c3 0-0 12. Nc2 Rb8 13. h4 g6 14. h5 Bg5 15. a4 bxa4 16. Ncb4 Nxb4 17. cxb4 Bb7 18. Rxa4 Rc8 19. Ra1 Bxd5 20. Qxd5 Qb6 21. Qb3 Qd4 22. Bd3 Bc1 23. 0-0 Bxb2 24. Rad1 Rb8 25. hxg6 hxg6 26. Bc4 Qc3 27. Qxc3 Bxc3 28. Rxd6 Kg7 29. Rxa6 Rxb4 30. Bd5 Bd4 31. Ra3 Rc8 32. Rb3 Rxb3 33. Bxb3 Rb8 34. Rb1 Rb6 35. Ba2 Rf6 36. Rf1 Rc6 37. Bd5 Rc2 38. g3 f5 39. Kg2 Kf6 40. Bb7 Rb2 41. Bd5 Rd2 42. Bb7 Kg5 43. Kf3 Rd3+ 44. Kg2 Rd2 45. Kf3 Rc2 46. Bd5 Kf6 47. Bb7 Rc3+ 48. Ke2 f4 49. gxf4 exf4 50. f3 Ke5 51. Kd2 Ra3 52. Bc8 Bc3+ 53. Kc2 Bd4 54. Bg4 Ra1 55. Rxa1 Bxa1 56. Kd3 1/2-1/2

[Event "GEO-ch (Women) 79th"]
[Site "Tbilisi"]
[Date "2022.06.06"]
[Round "1"]
[White "Melia, Salome"]
[Black "Batsiashvili, Nino"]
[Result "1-0"]
[WhiteElo "2368"]
[BlackElo "2453"]
[PlyCount "53"]
[EventDate "2022.06.06"]
[EventType "tourn"]
[EventRounds "9"]
[EventCountry "GEO"]
[SourceTitle "EXT 2023"]
[Source "ChessBase"]
[SourceDate "2022.10.05"]
[SourceVersion "1"]
[SourceVersionDate "2022.10.05"]
[SourceQuality "1"]

1. e4 c5 2. Nf3 Nc6 3. Bb5 e6 4. 0-0 Nge7 5. d4 cxd4 6. Nxd4 Nxd4 7. Qxd4 a6 8. Be2 Nc6 9. Qc3 h5 10. a4 Be7 11. Qxg7 Bf6 12. Qg3 h4 13. Qh3 d5 14. exd5 Nd4 15. Bd1 e5 16. Qe3 h3 17. g3 Qxd5 18. f3 Be6 19. Nc3 Qc6 20. Ne4 Be7 21. b4 Bc4 22. Rf2 0-0-0 23. Ba3 Rhe8 24. b5 axb5 25. axb5 Bxb5 26. Bxe7 Rxe7 27. Qg5 1-0

[Event "EU-chT (Women) 23rd"]
[Site "Terme Catez"]
[Date "2021.11.19"]
[Round "7.3"]
[White "Melia, Salome"]
[Black "Gaponenko, Inna"]
[Result "1/2-1/2"]
[WhiteElo "2371"]
[BlackElo "2339"]
[PlyCount "61"]
[EventDate "2021.11.12"]
[EventType "team-swiss"]
[EventRounds "9"]
[EventCountry "SLO"]
[SourceTitle "CBM 205"]
[Source "ChessBase"]
[SourceDate "2021.12.31"]
[SourceVersion "1"]
[SourceVersionDate "2021.12.31"]
[SourceQuality "1"]
[WhiteTeam "Georgia (W)"]
[BlackTeam "Ukraine (W)"]
[WhiteTeamCountry "GEO"]
[BlackTeamCountry "UKR"]

1. e4 c5 2. Nf3 Nc6 3. d4 cxd4 4. Nxd4 g6 5. c4 Nf6 6. Nc3 d6 7. Be2 Nxd4 8. Qxd4 Bg7 9. Be3 0-0 10. Qd2 Be6 11. Rc1 a5 12. f3 a4 13. Rc2 Qa5 14. Nd5 Nxd5 15. cxd5 Rfc8 16. Qxa5 Rxa5 17. Kd2 Rxc2+ 18. Kxc2 Bd7 19. Kb1 e6 20. dxe6 fxe6 21. Rd1 Bb5 22. Bxb5 Rxb5 23. Bd4 d5 24. Bxg7 Kxg7 25. exd5 exd5 26. Rd4 a3 27. b3 Kf6 28. Kc2 Rc5+ 29. Kd2 b5 30. Rf4+ Ke6 31. h4 1/2-1/2

[Event "Lindores Abbey Blitz Tal Memorial"]
[Site "Riga"]
[Date "2021.11.08"]
[Round "1.50"]
[White "Esipenko, Andrey"]
[Black "Melia, Salome"]
[Result "0-1"]
[WhiteElo "2592"]
[BlackElo "2211"]
[PlyCount "116"]
[EventDate "2021.11.08"]
[EventType "swiss (blitz)"]
[EventRounds "18"]
[EventCountry "LAT"]
[SourceTitle "CBM 205 Extra"]
[Source "ChessBase"]
[SourceDate "2022.01.31"]
[SourceVersion "1"]
[SourceVersionDate "2022.01.31"]
[SourceQuality "1"]

1. e4 c5 2. Nf3 Nc6 3. Nc3 Nf6 4. Bb5 Qc7 5. 0-0 Nd4 6. Bc4 e6 7. d3 Ng4 8. g3 Nxf3+ 9. Qxf3 Ne5 10. Qe2 Be7 11. f4 Nc6 12. f5 Nd4 13. Qf2 0-0 14. Bf4 d6 15. Rae1 a6 16. a4 Bd7 17. g4 b5 18. Ba2 b4 19. Nd1 e5 20. Bg3 Bg5 21. h4 Bc1 22. c3 b3 23. Bb1 Nc6 24. f6 g6 25. Ne3 Bxe3 26. Qxe3 Kh8 27. Qg5 Nd8 28. Rf2 Bxa4 29. Rh2 Ne6 30. Qh6 Rg8 31. Rf1 Qd8 32. Kg2 Qf8 33. Qe3 Bd7 34. Kh1 a5 35. Rg1 a4 36. Be1 a3 37. bxa3 Rxa3 38. d4 cxd4 39. cxd4 Nxd4 40. Bc3 Ra4 41. Rf2 Bc6 42. Kh2 Qc8 43. Rg3 Bd7 44. h5 g5 45. Bb2 Rc4 46. Bd3 Ra4 47. Rfg2 Ra2 48. Bxd4 exd4 49. Qxd4 Rxg2+ 50. Rxg2 Qc5 51. Qxc5 dxc5 52. Bc4 Rb8 53. Rb2 Be6 54. Bxe6 fxe6 55. h6 Kg8 56. Kg3 c4 57. e5 c3 58. Rf2 b2 0-1

[Event "Lindores Abbey Blitz Tal Memorial"]
[Site "Riga"]
[Date "2021.11.08"]
[Round "4.37"]
[White "Melia, Salome"]
[Black "Kuzubov, Yuriy"]
[Result "0-1"]
[WhiteElo "2211"]
[BlackElo "2592"]
[PlyCount "32"]
[EventDate "2021.11.08"]
[EventType "swiss (blitz)"]
[EventRounds "18"]
[EventCountry "LAT"]
[SourceTitle "CBM 205 Extra"]
[Source "ChessBase"]
[SourceDate "2022.01.31"]
[SourceVersion "1"]
[SourceVersionDate "2022.01.31"]
[SourceQuality "1"]

1. e4 e5 2. Nf3 Nf6 3. Nxe5 d6 4. Nf3 Nxe4 5. Qe2 Qe7 6. d3 Nf6 7. d4 Bg4 8. Qxe7+ Bxe7 9. Be2 c5 10. Nc3 Nc6 11. dxc5 dxc5 12. Bf4 0-0-0 13. 0-0 h6 14. h3 Bf5 15. Ne5 Nxe5 16. Bxe5 Bd6 0-1